Sports Quiz

Random Sports Quiz
Score 0/114 Timer 10:00
0 Plays Today
Year Premier % Correct
1897Essendon Bombers
83.5%
2001Brisbane Lions
81.7%
2002Brisbane Lions
81.7%
2003Brisbane Lions
81.7%
2005Sydney Swans
81.1%
2009Geelong Cats
81.1%
2006West Coast Eagles
80.5%
2007Geelong Cats
80.5%
2008Hawthorn Hawks
79.9%
1898Fitzroy Lions
79.3%
2004Port Adelaide Power
79.3%
2000Essendon Bombers
78.7%
1998Adelaide Crows
78%
1999Kangaroos
78%
1991Hawthorn Hawks
77.4%
1996North Melbourne Kangaroos
77.4%
1997Adelaide Crows
77.4%
1990Collingwood Magpies
76.8%
1992West Coast Eagles
76.8%
1995Carlton Blues
76.8%
1989Hawthorn Hawks
76.2%
1993Essendon Bombers
75.6%
1899Fitzroy Lions
74.4%
1966St Kilda Saints
74.4%
1988Hawthorn Hawks
74.4%
1994West Coast Eagles
74.4%
1980Richmond Tigers
73.2%
1986Hawthorn Hawks
73.2%
1985Essendon Bombers
72.6%
1983Hawthorn Hawks
72%
1984Essendon Bombers
72%
1987Carlton Blues
72%
1977North Melbourne Kangaroos
70.7%
1979Carlton Blues
70.7%
1981Carlton Blues
69.5%
1982Carlton Blues
69.5%
1976Hawthorn Hawks
68.9%
2010Collingwood Magpies
68.9%
Year Premier % Correct
1975North Melbourne Kangaroos
68.3%
1978Hawthorn Hawks
67.7%
1900Melbourne Demons
67.1%
1955Melbourne Demons
65.2%
1901Essendon Bombers
64.6%
1956Melbourne Demons
64.6%
1957Melbourne Demons
64%
1954Footscray Bulldogs
63.4%
1958Collingwood Magpies
62.2%
1928Collingwood Magpies
61.6%
1970Carlton Blues
61.6%
1972Carlton Blues
61.6%
1929Collingwood Magpies
61%
1971Hawthorn Hawks
61%
1927Collingwood Magpies
60.4%
1902Collingwood Magpies
59.8%
1973Richmond Tigers
59.8%
1974Richmond Tigers
59.8%
1930Collingwood Magpies
59.1%
1959Melbourne Demons
58.5%
1960Melbourne Demons
58.5%
1964Melbourne Demons
57.9%
1906Carlton Blues
56.1%
1963Geelong Cats
55.5%
1969Richmond Tigers
55.5%
1903Collingwood Magpies
54.9%
1907Carlton Blues
54.3%
1908Carlton Blues
54.3%
1961Hawthorn Hawks
54.3%
1933South Melbourne Swans
53.7%
1967Richmond Tigers
53.7%
1968Carlton Blues
53%
1904Fitzroy Lions
52.4%
1965Essendon Bombers
49.4%
1905Fitzroy Lions
48.8%
1962Essendon Bombers
45.7%
1953Collingwood Magpies
42.1%
1931Geelong Cats
41.5%
Year Premier % Correct
1950Essendon Bombers
40.2%
1951Geelong Cats
40.2%
1935Collingwood Magpies
39%
1936Collingwood Magpies
38.4%
1910Colllingwood Magpies
37.8%
1948Melbourne Demons
37.8%
1952Geelong Cats
37.8%
1934Richmond Tigers
37.2%
1944Fitzroy Lions
37.2%
1949Essendon Bombers
37.2%
1911Essendon Bombers
36.6%
1916Fitzroy Lions
36.6%
1939Melbourne Demons
36.6%
1919Collingwood Magpies
36%
1932Richmond Tigers
36%
1912Essendon Bombers
35.4%
1940Melbourne Demons
35.4%
1941Melbourne Demons
35.4%
1918South Melbourne Swans
34.1%
1913Fitzroy Lions
33.5%
1917Collingwood Magpies
33.5%
1925Geelong Cats
33.5%
1937Geelong Cats
33.5%
1938Carlton Blues
33.5%
1942Essendon Bombers
33.5%
1945Carlton Blues
33.5%
1946Essendon Bombers
33.5%
1914Carlton Blues
32.9%
1920Richmond Tigers
32.3%
1915Carlton Blues
31.7%
1943Richmond Tigers
31.7%
1909South Melbourne Swans
31.1%
1926Melbourne Demons
31.1%
1947Carlton Blues
31.1%
1923Essendon Bombers
30.5%
1924Essendon Bombers
30.5%
1921Richmond Tigers
29.9%
1922Fitzroy Lions
29.3%
Remove Ads.
Support Sporcle.
Get the best of Sporcle when you Go Orange. This ad-free experience offers more features, more stats, and more fun while also helping to support Sporcle. Thank you for becoming a member.

You're not logged in!

Compare scores with friends on all Sporcle quizzes.
OR
Log In

Show Comments

Extras

Created Sep 28, 2009ReportNominate
Tags:AFL, Premier, Runner, VFL

Top Quizzes Today


Score Distribution

Your Account Isn't Verified!

In order to create a playlist on Sporcle, you need to verify the email address you used during registration. Go to your Sporcle Settings to finish the process.

Report this User

Report this user for behavior that violates our Community Guidelines.

Details: